Quizzes
Events
Quiz Creation
Community
Videos
Private Events
Remove Ads
Sign In
Join for FREE
Feedback
Dark Mode
Quiz Categories
Sports
Geography
Music
Movies
Television
Just For Fun
Miscellaneous
History
Literature
Language
Science
Gaming
Entertainment
Religion
Holiday
For Kids
Quiz Lab
Recent
Popular Today
Quiz Kudos Today
Editor Picks
Curator Picks
Quizzes by...
Day
Popularity
Type
Ratings
Length
Year
Community
Subscriptions
Recent Discussions
Orange Saloon
Badges
Playlists
Quests
Create
Leaderboards
Showdown
Live 5
Trivia Bingo
Activity
Puzzle Library
Sporcle Events
Private Events
Virtual Trivia
Globe League
Become a Host
Pub Owners
SporcleCon
Opinionation
Our Games
Videos
Blog
Mobile Apps
Partnerships
Remove Ads and Go Orange
Feedback
Religion
Mythology
Religious Music
World Religions
Bible
Christianity
Catholicism
Judaism
Church
Scripture
Islam
Verse
Religion
Mythology
Religious Music
World Religions
Bible
Christianity
Catholicism
Judaism
Church
Scripture
Islam
Verse
Random Quiz
Search Sporcle
×
Quiz Lab
Quiz Lab
Religion
Catholicism
Type in answers that appear in a list
Type in answers that appear in a list
Classic
Best Score? Go Orange.
Roman Catholic Dioceses of Poland Stats
Can you name the Roman Catholic Dioceses of Poland?
By
aken
8m
41 Questions
174 Plays
174 Plays
174 Plays
Comments
Comments
Give Quiz Kudos
Give Quiz Kudos
-
- Ratings
hide this ad
More Info
Replay
Link that replays current quiz
Next Quiz
Link to next quiz in quiz playlist
You Got
0%
They Got
Avg Score
65%
Avg Friend Score
Upgrade to see
Score Distribution
Jump to the score distribution portion of the page
Score
0/41
Timer
08:00
0
Plays Today
Type
Name
% Correct
Archdiocese
Warszawa
98.2%
Archdiocese
Krakow
94.2%
Archdiocese
Gdansk
88.9%
Archdiocese
Poznan
86.5%
Archdiocese
Katowice
83%
Archdiocese
Szczecin-Kamien
83%
Archdiocese
Lublin
82.5%
Archdiocese
Wroclaw
82.5%
Archdiocese
Lodz
81.3%
Diocese
Torun
78.4%
Archdiocese
Bialystok
77.2%
Archdiocese
Czestochowa
74.3%
Archdiocese
Gniezno
71.9%
Diocese
Radom
70.2%
Diocese
Bydgoszcz
70.2%
Diocese
Rzeszow
69.6%
Diocese
Opole
69%
Diocese
Tarnow
66.7%
Diocese
Zielona Gora-Gorzow
65.5%
Diocese
Koszalin-Kolobrzeg
65.5%
Diocese
Kielce
64.9%
Type
Name
% Correct
Diocese
Elk
64.3%
Archdiocese
Przemysl
62%
Diocese
Plock
62%
Diocese
Elblag
61.4%
Diocese
Legnica
58.5%
Diocese
Gliwice
56.7%
Diocese
Bielsko-Zywiec
56.7%
Diocese
Kalisz
56.1%
Diocese
Zamosc-Lubaczow
55%
Diocese
Lomza
53.2%
Diocese
Sosnowiec
52.6%
Diocese
Sandomierz
51.5%
Diocese
Wloclawek
50.9%
Diocese
Siedlce
50.9%
Diocese
Warszawa-Praga
48%
Diocese
Pelplin
45%
Archdiocese
Warmia
43.3%
Diocese
Swidnica
41.5%
Diocese
Drohiczyn
39.2%
Diocese
Lowicz
37.4%
Quiz Playlist
Details
Report
Send in Message
Add To Playlist
More Info:
Where it made sense, alternative German, Czech or Ukrainian names of cities are accepted
Classic:
Type in answers that appear in a list
Quiz Source
Last Updated: Feb 16, 2017
Quiz Scoreboard
CHALLENGE
Sign Up to Join the Scoreboard
Show All
Scores
Hide
Comments
May contain spoilers
Recently Published
An Introduction to Baseball
by treessimontrees
Sports
5m
Movies - When Are They Set?
by FPL_Elf
Movies
5m
Popular People in 1961
by mucciniale
History
6m
More to Explore
Quiz From the Vault
Featured Blog Post
Where Did the Easter Bunny Come From?
hide this ad
You Might Also Like...
Tags
Catholicism Quiz
Cathedral
catholic
diocese
Poland
Polish
Polish Cities
Polish Voivodeships
Today's Top Quizzes in Religion
Browse Religion
hide this ad
Today's Top Quizzes in Catholicism
Browse Catholicism
Top Contributed Quizzes in Religion
1
5-to-1: Children of Gods
2
5-to-1: European Churches
3
10 to 1: Islam
4
Order Up: Seven Last Words of Christ
5
One Thing in Common: Mythology
6
Religion Who Wants To Be A Millionaire
7
10 to 1: Protestantism
8
One Thing in Common: Mythology II
9
Prime Time: Religion
10
10 to 1: Norse Religion
Explore More
Trending Topics
NBA
Kpop
Marvel
Disney
Anime
Harry Potter
Crossword
Country
Pokémon
Song
NFL
Puzzle
WWE
Soccer
The Office
hide this ad
More By:
aken
Quiz
Plays
Rating
Category
Featured
Created
Populous Cities of the Holy Roman Empire (1200-1600)
4,938
4.78
History
Jan 27, 2014
Name the Ainur from 'The Silmarillion'
3,349
4.45
Literature
Oct 19, 2009
Most Performed Operas Worldwide
1,709
4.92
Music
Jan 8, 2017
Member States of the Holy Roman Empire
1,592
5.00
History
Apr 24, 2013
125 Greatest Operas (Digital Dream Door)
1,070
4.75
Music
Oct 26, 2017
Go to Creator's Profile
Score Distribution
Quiz Creator Spotlight
aken
Follow
Send a Message
Quizzes Created
-
Created Quiz Play Count
-
More By This Creator
Popular Quizzes Today
1
Find the Countries of Europe - No Outlines Minefield
2
Find the US States - No Outlines Minefield
3
The Countries of the World
4
Popular People in 1961
5
Find the US States
6
US States
7
1-10 Letter E Words III
8
Risky Map Clicking: Biggest States A-Z
More Religion Quizzes
Word Ladder: June 9th, 1856
Quiz Lab
Trending Quizzes
Risky Map Clicking: Least Populous States A-Z
1-10 Letter F Words
1-10 Letter G Words
One Thing in Common: United Kingdom
Risky Map Clicking: Next State Alphabetically
Recently Updated
Leaping Animals
pecheneg
Reality TV Shows (A-Z)
bhenderson79
Rickey Henderson's Hall of Fame Teammates
pecheneg
Champions League XIs: Arsenal
pecheneg
Quick Pick: Celebrities in WWE's Hall of Fame
aduchscher
A-Z Keypad Blitz II
pecheneg
Multiple Oscar Actors
pecheneg
Mystery Phrase Blitz: Oscar 'Best Actors'
pecheneg
F. Scott Fitzgerald Novels
LTH
Pick 3 Villains
ddd62291
Trending Topics
Marvel
Harry Potter
Anime
Kpop
NBA
Disney
Crossword
Song
Puzzle
The Office
WWE
NFL
Country
Soccer
Pokémon
Your Account Isn't Verified!
In order to create a playlist on Sporcle, you need to verify the email address you used during registration. Go to your
Sporcle Settings
to finish the process.
Report this User
Report this user for behavior that violates our
Community Guidelines
.
Details:
Send Report
Go to the Sporcle.com Mobile Site →
Comments